<?xml version="1.0" encoding="UTF-8"?><OAI-PMH xmlns="http://www.openarchives.org/OAI/2.0/" xmlns:xsi="http://www.w3.org/2001/XMLSchema-instance"     xsi:schemaLocation="http://www.openarchives.org/OAI/2.0/ http://www.openarchives.org/OAI/2.0/OAI-PMH.xsd"><responseDate>2026-07-04T13:10:16Z</responseDate><request verb="GetRecord" identifier="oai:regmurcia.com:fintegr.990" metadataPrefix="marc21">http://oai.regmurcia.com/oai2/oai2.php</request><GetRecord><record><header><identifier>oai:regmurcia.com:fintegr.990</identifier><datestamp>2026-07-04</datestamp><setSpec>documentos</setSpec></header><metadata><record  xmlns="http://www.loc.gov/MARC21/slim" xmlns:xsi="http://www.w3.org/2001/XMLSchema-instance" xsi:schemaLocation="http://www.loc.gov/MARC21/slim http://www.loc.gov/standards/marcxml/schema/MARC21slim.xsd" type="Bibliographic"><leader>00000nam a2200000   4500</leader><controlfield tag="001" >005197364</controlfield><controlfield tag="003" >990</controlfield><controlfield tag="004" >A00000000</controlfield><datafield tag="245" ind1=" " ind2=" "><subfield code="a">Libro de cuentas del concejo del mayordomo Pedro González Aventurado.</subfield></datafield><datafield tag="300" ind1=" " ind2=" "><subfield code="c">302 x 226 mm.</subfield></datafield><datafield tag="300" ind1=" " ind2=" "><subfield code="a">24 fol.</subfield></datafield><datafield tag="351" ind1=" " ind2=" "><subfield code="a">Unidad Documental</subfield><subfield code="c">Archivo de Murcia. Array</subfield><subfield code="a">Unidad Documental</subfield><subfield code="c">Archivo de Murcia. Array</subfield></datafield><datafield tag="351" ind1=" " ind2=" "><subfield code="b">Nº 263/5</subfield></datafield><datafield tag="506" ind1=" " ind2=" "><subfield code="a">Acceso restrigido</subfield></datafield><datafield tag="520" ind1=" " ind2=" "><subfield code="a">Contiene:&lt;/br&gt;Fol. 1r.&quot;...libro de recepta y despensa...los maravedíes que...resçibió e le fueron cargados...&quot;&lt;/br&gt;Fol. 4r.&quot;...los maravedíes que...gastó e despendió...&quot;&lt;/br&gt;Toma de razón el 24 de julio de 1460, ante el escribano Francisco Pérez Beltrán y los contadores Jerónimo Mejía, regidor, y Mateo de Navarrete, jurado.&lt;/br&gt; Los asientos de los ingresos y gastos del concejo del mayordomo Pedro González Aventurado.</subfield></datafield><datafield tag="583" ind1=" " ind2=" "><subfield code="u">http://www.regmurcia.com/servlet/s.Sl?METHOD=VERDOCUMENTO&amp;sit=serv,Carmesi&amp;n=/01/1950/indice.djvu</subfield></datafield><datafield tag="592" ind1=" " ind2=" "><subfield code="a">1459-06-24/1460-06-23</subfield></datafield><datafield tag="592" ind1=" " ind2=" "><subfield code="d">1460-06-23 00:00:00</subfield></datafield><datafield tag="651" ind1=" " ind2=" "><subfield code="a">Murcia</subfield></datafield><datafield tag="786" ind1=" " ind2=" "><subfield code="o">http://www.regmurcia.com/servlet/s.Sl?METHOD=VERDOCUMENTO&amp;sit=serv,Carmesi&amp;n=/01/1950/indice.djvu</subfield></datafield><datafield tag="856" ind1=" " ind2=" "><subfield code="u">http://www.regmurcia.com/servlet/s.Sl?METHOD=DETALLE&amp;sit=c,373,m,139,serv,Carmesi&amp;id=990</subfield></datafield></record></metadata></record></GetRecord></OAI-PMH>
